000 01968nam a2200505 i 4500
001 30231
003 KOSZ 005
005 20220902130930.0
008 980702s1994 pl a f |000 0 pol
015 _aUWD 1996/567
020 _a8385949593
035 _a991003850619705066
035 _a(PL-WaBN)b1102723x-48omnis_nlop
035 _ab1102723x
035 _a(OCoLC)835171028
035 _a(PL)b0000001102723
035 _a(EXLNZ-48OMNIS_NETWORK)9910402277705606
040 _aWA N
_cWA N
041 0 _apol
_beng
_geng
080 _a504.06
080 _a556.5
080 _a(438)
245 0 0 _aZintegrowany monitoring środowiska przyrodniczego =
_bIntegrated monitoring of the natural environment : Stacja Bazowa Storkowo = Base Station Storkowo /
_cpod red. Andrzeja Kostrzewskiego ; Państwowa Inspekcja Ochrony Środowiska, Instytut Badań Czwartorzędu Uniwersytetu im. A. Mickiewicza.
260 _aWarszawa :
_bPIOŚ,
_c1994.
300 _a246 s., [1] k. tabl. złoż. :
_bfot., mapy, rys., wykr. ;
_c24 cm.
336 _aTekst
_btxt
_2rdacontent
337 _aBez urządzenia pośredniczącego
_bn
_2rdamedia
338 _aWolumin
_bnc
_2rdacarrier
380 _aKsiążki
388 _a1901-2000
388 _a1989-2000
490 1 _aBiblioteka Monitoringu Środowiska
500 _aWstęp także ang.
504 _aBibliogr. przy pracach.
650 7 _aDegradacja środowiska
_2DBN
651 7 _aParsęta (dorzecze)
_2DBN
658 _aOchrona środowiska
651 7 _aStorkowo (woj. zachodniopomorskie, pow. szczecinecki, gm. Grzmiąca ; okolice)
_2DBN
700 1 _aKostrzewski, Andrzej
_d(1939- )
_eRedakcja
710 2 _aPaństwowa Inspekcja Ochrony Środowiska
_4pbl
830 0 _aBiblioteka Monitoringu Środowiska
856 _uhttp://koha.tu.koszalin.pl/cgi-bin/koha/opac-detail.pl?biblionumber=30231
_yKatalog online BPK
942 _2UKD
_cKS
999 _c30231
_d30231